00689nas a2200229Ia 4500001001100000003000900011008004100020040001300061040001300074041001300087100003800100210001900138222001900157245008700176250001100263260002300274501008600297300001100383310001600394362001300410650003600423R415/38240IT-RoPAU151124c99999999xx |||||||||||| ||und|| aIT-RoPAU cIT-RoPAU aFRANCESE aAA.VV. gCodice Aut. SPICS: 12000 aMUSIQUE EN JEU aMusique En Jeu aMUSIQUE EN JEU (09) PSYCHANALYSE MUSIQUEbMusique En Jeu (09) Psychanalyse Musique a1a ed. aPARISbSEUILc1972 bPaulus - SPICS - Società San Paolo EM (non-commercial uses only)cCopyright2015 a128 p. aTRIMESTRALE aVOL.09,  aMUSICAvPUBBLICAZIONE PERIODICA